Revolish TOEFLl® iBT Prep (CD1)
Đã lưu trong:
| Hovedforfatter: | |
|---|---|
| Format: | Bog |
| Sprog: | Undetermined |
| Udgivet: |
Tp. Hồ Chí Minh
Trẻ
2008
|
| Fag: | |
| Tags: |
Tilføj Tag
Ingen Tags, Vær først til at tagge denne postø!
|
| Thư viện lưu trữ: | Trung tâm Học liệu Trường Đại học Cần Thơ |
|---|
| LEADER | 00622nam a2200205Ia 4500 | ||
|---|---|---|---|
| 001 | CTU_181978 | ||
| 008 | 210402s9999 xx 000 0 und d | ||
| 082 | |a 428.0076 | ||
| 082 | |b K49//L.2-CD1 | ||
| 100 | |a Kim, Nathan | ||
| 245 | 0 | |a Revolish TOEFLl® iBT Prep (CD1) | |
| 245 | 0 | |c Nathan Kim, Peggy Anderson, Elaine Cho | |
| 260 | |a Tp. Hồ Chí Minh | ||
| 260 | |b Trẻ | ||
| 260 | |c 2008 | ||
| 650 | |a English language,TOEFL iTP,Tiếng Anh | ||
| 650 | |x Study guides,Hướng dẫn học thi | ||
| 650 | |y Examinations | ||
| 910 | |a Nguyên | ||
| 980 | |a Trung tâm Học liệu Trường Đại học Cần Thơ | ||